000 00602nam a22001937a 4500
005 20251108170856.0
008 250721s1997 xx 000 0 ara d
082 1 4 _a214.2/سخا
100 1 _aالسخاوي، شمس الدين أبو الخير
245 1 0 _aأشراط الساعة /
264 1 _aعمان :
_bدار عمار،
_c1997.
300 _a121ص
650 1 7 _aاليوم الآخر
650 1 7 _aعلامات الساعة
700 1 _aالحرستاني، عصام فارس
_eتحقيق
700 1 _aالزغلي، محمد إبراهيم
942 _2ddc
_cBK
999 _c51087
_d51087